Journal of chemical education software; special issue 6 = Demonstrations in organic chemistry

Đã lưu trong:
書目詳細資料
主要作者: Gary Trammell
格式: 圖書
語言:Undetermined
出版: Madison, WI Univ. of Wiscosin-Madison 1993
主題:
標簽: 添加標簽
沒有標簽, 成為第一個標記此記錄!
Thư viện lưu trữ: Trung tâm Học liệu Trường Đại học Cần Thơ
LEADER 00562nam a2200193Ia 4500
001 CTU_55059
008 210402s9999 xx 000 0 und d
020 |b 14350 
082 |a 540 
082 |b J86/sp6 
100 |a Gary Trammell 
245 0 |a Journal of chemical education software; special issue 6 
245 0 |b = Demonstrations in organic chemistry 
245 0 |c Gary Trammell 
260 |a Madison, WI 
260 |b Univ. of Wiscosin-Madison 
260 |c 1993 
650 |a chemistry, organic 
980 |a Trung tâm Học liệu Trường Đại học Cần Thơ